000 01112nam a2200229Ia 4500
003 Ost
005 20260507075318.0
008 260507s9999||||xx |||||||||||||| ||und||
040 _cfsecg
041 _aara
082 _a658.456
100 _aالبرغوثي، بشير شريف
_eمؤلف
245 0 _aكيف تخطط للاجتماع و تقوده :
_bنجومية القيادة في الاجتماعات الفعالة /
_c بشير شريف البرغوثي
260 _aعمان:
_bدار زهران للنشر والتوزيع,
_c2000
300 _a193 صفحة؛
_bإيضاحات ؛
_c22 سم
504 _aملاحق ص.191 ببليوغرافيا: ص.193
520 _aعوامل النجاح الأساسية، الاجتماع في طور التكوين بداية من الشكل و المضمون، قيادة الاجتماعات ميدانيا، النجومية في الاجتماعات، تطبيقات عملية في ارساء القواعد
653 _aالإجتماعات
653 _aالقيادة الإدارية
653 _aالمؤتمرات
942 _cكتاب
999 _c43905
_d43905